=LDR 00000nam 2200000 4500 =001 INLIS000000001052398 =005 20240829072724 =035 ##$$a 0010-0824000216 =007 ta =008 240829################g##########0#ind## =082 ##$$a 338.959.865 =084 ##$$a 338.959.865 FAR i =100 #$$a Farid Tolomundu =245 1#$$a Ikhtiar tiada henti : $b Percepatan pembangunan NTB 2008-2013 /$c Farid Tolomundu =260 ##$$a Mataram :$b Prov.NTB,$c 2015 =300 ##$$a 213 hlm : $b Ilus ; $c 23 cm =990 ##$$a 17851785